00349nam a2200121Ia 4500003000400000008004100004040001600045082001700061245006400078260006900142300001100211490000500222GCL140319s9999 xx 000 0 ara d aGCL / cGCL04a658.8bع ت10aالتسويق الدولى من منظور بلد نامى a[S.N] : bالدار المصرية اللبنانية ، c1992 a350 ص a